[Event "Wroclaw Anderssen Memorial"]
[Site "Wroclaw"]
[Date "2021.07.31"]
[Round "4"]
[White "Walther, Cliff"]
[Black "Kokurewicz, Konrad"]
[Result "0-1"]
[WhiteElo "2093"]
[BlackElo "1715"]
[PlyCount "73"]
[EventDate "2021.07.31"]
[EventType "swiss (rapid)"]
[EventRounds "9"]
[EventCountry "POL"]
[SourceTitle "CBM 203 Extra"]
[Source "ChessBase"]
[SourceDate "2021.09.30"]
[SourceVersion "1"]
[SourceVersionDate "2021.09.30"]
[SourceQuality "1"]

1. d4 d5 2. c4 e6 3. Nc3 c5 4. cxd5 exd5 5. Nf3 Nc6 6. e3 Nf6 7. Be2 Be7 8. 0-0 0-0 9. dxc5 Bxc5 10. a3 Re8 11. b4 Bb6 12. Nb5 a5 13. bxa5 Nxa5 14. Bb2 Ne4 15. Rc1 Nc6 16. Nfd4 Bd7 17. f3 Ng5 18. Qd3 Qe7 19. Kf2 h5 20. Rfe1 h4 21. Bf1 h3 22. g3 Qf8 23. Ra1 Ne5 24. Qd2 Nc4 25. Bxc4 dxc4 26. a4 Qc5 27. Ba3 Qe5 28. Bd6 Qf6 29. Bf4 Ne6 30. Nxe6 Bxe6 31. Qd6 Qb2+ 32. Re2 Qxa1 33. Qxb6 Rxa4 34. Nd6 Rea8 35. Qd4 Qh1 36. Qd1 Qe1+ 37. Kxe1 0-1

[Event "Wroclaw Anderssen Memorial"]
[Site "Wroclaw"]
[Date "2021.07.31"]
[Round "3"]
[White "Zeberski, Jakub"]
[Black "Walther, Cliff"]
[Result "1-0"]
[WhiteElo "2344"]
[BlackElo "2093"]
[PlyCount "35"]
[EventDate "2021.07.31"]
[EventType "swiss (rapid)"]
[EventRounds "9"]
[EventCountry "POL"]
[SourceTitle "CBM 203 Extra"]
[Source "ChessBase"]
[SourceDate "2021.09.30"]
[SourceVersion "1"]
[SourceVersionDate "2021.09.30"]
[SourceQuality "1"]

1. e4 d5 2. exd5 Qxd5 3. Nc3 Qd6 4. d4 Nf6 5. Nf3 Bg4 6. Be2 c6 7. 0-0 Nbd7 8. h3 Bh5 9. Re1 Nb6 10. Bg5 0-0-0 11. Ne5 Bg6 12. a4 Qb4 13. a5 Nbd5 14. a6 Nxc3 15. axb7+ Kxb7 16. bxc3 Qxc3 17. Qb1+ Ka8 18. Qa2 1-0

[Event "EU-ch rapid"]
[Site "Skopje"]
[Date "2018.12.08"]
[Round "1"]
[White "Bartel, Mateusz"]
[Black "Walther, Cliff"]
[Result "1-0"]
[WhiteElo "2600"]
[BlackElo "2134"]
[PlyCount "61"]
[EventDate "2018.12.08"]
[EventType "swiss (rapid)"]
[EventRounds "13"]
[EventCountry "MKD"]
[SourceTitle "CBM 187 Extra"]
[Source "ChessBase"]
[SourceDate "2018.11.04"]
[SourceVersion "1"]
[SourceVersionDate "2018.11.04"]
[SourceQuality "1"]

1. c4 f5 2. d4 d6 3. Nc3 Nf6 4. Bg5 c6 5. Bxf6 exf6 6. e3 g6 7. h4 h5 8. Nh3 Bh6 9. g3 Be6 10. Nf4 Bxf4 11. gxf4 d5 12. cxd5 cxd5 13. Qb3 Rh7 14. Rg1 Rg7 15. Be2 Qb6 16. Bxh5 Qxb3 17. axb3 Kf7 18. Bf3 Nc6 19. h5 g5 20. h6 Rh7 21. fxg5 fxg5 22. Rxg5 Rxh6 23. Nxd5 Rah8 24. Ke2 Rd8 25. Nf4 Bxb3 26. Rxf5+ Kg8 27. Rg1+ Kh8 28. Ng6+ Kh7 29. Ne5 Nxe5 30. Rxe5 Bc4+ 31. Kd2 1-0

[Event "Oberliga Ost-B 1011"]
[Site "Germany"]
[Date "2010.11.14"]
[Round "3.5"]
[White "Rubel, Julian"]
[Black "Walther, Cliff"]
[Result "0-1"]
[WhiteElo "2181"]
[BlackElo "2171"]
[PlyCount "136"]
[EventDate "2010.10.24"]
[EventType "team-tourn"]
[EventRounds "11"]
[EventCountry "GER"]
[SourceTitle "EXT 2012"]
[Source "ChessBase"]
[SourceDate "2011.11.24"]
[SourceVersion "1"]
[SourceVersionDate "2011.11.24"]
[SourceQuality "1"]
[WhiteTeam "Steinbach"]
[BlackTeam "Erfurt Medizin"]
[WhiteTeamCountry "GER"]
[BlackTeamCountry "GER"]

1. c4 Nf6 2. g3 e6 3. Bg2 d5 4. Nf3 Be7 5. d4 0-0 6. 0-0 b6 7. Ne5 c6 8. Nc3 Nfd7 9. cxd5 exd5 10. Nxd5 Nxe5 11. dxe5 Bc5 12. Be3 Ba6 13. Bxc5 bxc5 14. Nc3 Qb6 15. Na4 Qa5 16. Qc2 c4 17. f4 Bb5 18. Nc3 Na6 19. Qf5 Nc5 20. g4 Rae8 21. Rf3 Qb6 22. Kh1 f6 23. exf6 Rxf6 24. Qh5 Ref8 25. f5 Rh6 26. Qg5 Na4 27. Raf1 Nxb2 28. f6 Qc7 29. Qxg7+ Qxg7 30. fxg7 Rxf3 31. Rxf3 Rd6 32. h4 Kxg7 33. Rf5 a6 34. Ne4 Rd4 35. Bf3 Nd1 36. Ng5 Rd6 37. Ne4 Rd5 38. Rf4 c3 39. Nxc3 Nxc3 40. Bxd5 cxd5 41. Rf5 Bxe2 42. Kg1 h6 43. g5 hxg5 44. hxg5 Bc4 45. Kf2 Bxa2 46. Ke3 a5 47. Kd4 Ne4 48. Re5 a4 49. Re7+ Kg6 50. Ra7 Bb3 51. Ra8 Nxg5 52. Ra6+ Kf5 53. Ra8 Ne6+ 54. Kd3 Ke5 55. Ra5 Nf4+ 56. Ke3 Ng6 57. Kd3 Ne7 58. Ra8 Nc6 59. Re8+ Kd6 60. Ra8 Kc5 61. Kc3 d4+ 62. Kd2 Kb4 63. Ra6 Bd5 64. Kc2 a3 65. Ra8 a2 66. Kb2 d3 67. Ra3 Ne5 68. Ra7 d2 0-1

[Event "Oberliga Ost-B 0910"]
[Site "Germany"]
[Date "2010.03.21"]
[Round "9.6"]
[White "Vollmar, Rainer"]
[Black "Walther, Cliff"]
[Result "0-1"]
[WhiteElo "2148"]
[BlackElo "2139"]
[PlyCount "136"]
[EventDate "2009.10.18"]
[EventType "team-tourn"]
[EventRounds "11"]
[EventCountry "GER"]
[SourceTitle "EXT 2011"]
[Source "ChessBase"]
[SourceDate "2010.11.26"]
[SourceVersion "1"]
[SourceVersionDate "2010.11.26"]
[SourceQuality "1"]
[WhiteTeam "Frankfurt BvK"]
[BlackTeam "Erfurt Medizin"]
[WhiteTeamCountry "GER"]
[BlackTeamCountry "GER"]

1. c4 c6 2. Nf3 d5 3. b3 Nf6 4. g3 Bg4 5. Bg2 Bxf3 6. Bxf3 e5 7. 0-0 Bc5 8. Bb2 d4 9. d3 h5 10. Nd2 Nbd7 11. a3 a5 12. Bc1 Qe7 13. Re1 Nf8 14. Ne4 Nxe4 15. Bxe4 Ne6 16. Bg2 g6 17. Qc2 h4 18. Qb2 hxg3 19. hxg3 Bd6 20. Bd2 0-0 21. b4 f5 22. c5 Bc7 23. e3 dxe3 24. Bxe3 f4 25. gxf4 Nxf4 26. Bxf4 Rxf4 27. Re4 Raf8 28. Rf1 axb4 29. axb4 b6 30. Qe2 bxc5 31. bxc5 Qxc5 32. d4 exd4 33. Rxf4 Bxf4 34. Qe6+ Kg7 35. Rd1 Bd6 36. Qd7+ Rf7 37. Qxc6 Qe5 38. Qe4 Qh2+ 39. Kf1 Be5 40. Rb1 Qg3 41. f3 Kh6 42. Re1 Rf5 43. Re2 Bf6 44. Qd3 Rc5 45. Re1 Bh4 46. Qd2+ Kh5 47. Ra1 d3 48. Ra5 Rxa5 49. Qxa5+ Bg5 50. Qe1 Qf4 51. Qd1 d2 52. Bh3 Qc4+ 53. Kg2 Bf4 54. Bd7 Qd5 55. Qh1+ Kg5 56. Ba4 Qe5 57. Bd1 Bg3 58. Qf1 Qe1 59. Qb5+ Kh6 60. Qe2 Bf4 61. Qf2 Be3 62. Qf1 Kh5 63. Qh1+ Kg5 64. Qf1 Bf4 65. Qg1 Kh6 66. Qf2 Bg5 67. Qe2 Bh4 68. Kh3 Qg3# 0-1

[Event "Oberliga Ost-B 0809"]
[Site "Germany"]
[Date "2008.10.26"]
[Round "1.5"]
[White "Buckan, Jens"]
[Black "Walther, Cliff"]
[Result "0-1"]
[WhiteElo "2105"]
[BlackElo "2134"]
[PlyCount "118"]
[EventDate "2008.10.26"]
[EventType "team-tourn"]
[EventRounds "11"]
[EventCountry "GER"]
[SourceTitle "EXT 2010"]
[Source "ChessBase"]
[SourceDate "2010.11.25"]
[SourceVersion "1"]
[SourceVersionDate "2010.11.25"]
[SourceQuality "1"]
[WhiteTeam "Erfurt Empor"]
[BlackTeam "Erfurt Medizin"]
[WhiteTeamCountry "GER"]
[BlackTeamCountry "GER"]

1. e4 c5 2. Nc3 g6 3. d3 Bg7 4. Be3 b6 5. d4 cxd4 6. Bxd4 e5 7. Be3 Nf6 8. f3 0-0 9. Qd2 Nc6 10. 0-0-0 a6 11. Nge2 b5 12. Bg5 Qa5 13. Kb1 b4 14. Nd5 Nxd5 15. exd5 Nd4 16. Be7 Re8 17. Bxb4 Qb6 18. c4 d6 19. Nxd4 exd4 20. Bd3 a5 21. Ba3 Re3 22. Rhe1 Bf5 23. Rxe3 dxe3 24. Qc2 Bxd3 25. Qxd3 Re8 26. Re1 a4 27. c5 dxc5 28. Rxe3 Rxe3 29. Qxe3 Qb5 30. Qxc5 Qf1+ 31. Qc1 Qd3+ 32. Ka1 Qxa3 33. Qd2 Qc5 34. Kb1 Bd4 35. Qd1 Qb4 36. b3 axb3 37. Qxb3 Qxb3+ 38. axb3 Kf8 39. Kc2 Ke7 40. Kd3 Bg1 41. h3 Kd6 42. Ke4 f5+ 43. Kf4 Kxd5 44. Kg5 Be3+ 45. Kf6 Bd4+ 46. Kf7 g5 47. Kg8 h5 48. Kf7 h4 49. Kg6 Be3 50. Kxf5 Kd4 51. b4 Kc4 52. f4 Bxf4 53. Ke4 Kxb4 54. Kd4 Kb3 55. Kd3 Kb2 56. Ke2 Kc2 57. Ke1 Kd3 58. Kf1 Be3 59. Ke1 Ke4 0-1

[Event "Oberliga Ost-B 0708"]
[Site "Germany"]
[Date "2007.11.25"]
[Round "4.5"]
[White "Walther, Cliff"]
[Black "Schaper, Bjoern"]
[Result "1/2-1/2"]
[WhiteElo "2114"]
[BlackElo "2151"]
[PlyCount "133"]
[EventDate "2007.10.07"]
[EventType "team-tourn"]
[EventRounds "11"]
[EventCountry "GER"]
[SourceTitle "EXT 2009"]
[Source "ChessBase"]
[SourceDate "2008.11.26"]
[SourceVersion "1"]
[SourceVersionDate "2008.11.26"]
[SourceQuality "1"]
[WhiteTeam "Erfurt Medizin"]
[BlackTeam "Steinbach"]
[WhiteTeamCountry "GER"]
[BlackTeamCountry "GER"]

1. d4 d5 2. Nf3 Nf6 3. c4 c6 4. Qc2 e6 5. Bg5 Be7 6. e3 Nbd7 7. Nc3 b6 8. cxd5 exd5 9. Bd3 Bb7 10. 0-0 h6 11. Bf4 0-0 12. h3 Rc8 13. a3 a5 14. a4 Bb4 15. Bf5 Ra8 16. g4 Re8 17. g5 hxg5 18. Bxg5 Qc7 19. Nb5 Qd8 20. Nc3 Qc7 21. Nb5 Qd8 22. Nc3 Ba6 23. Rfc1 Bd6 24. Kg2 Ra7 25. h4 Qb8 26. Rh1 Nh5 27. Bg4 Ndf6 28. Bxf6 Nxf6 29. Bf5 g6 30. Bd3 Bxd3 31. Qxd3 Qc8 32. Ng5 Nh5 33. Rag1 Bb4 34. Ne2 Qa6 35. Qxa6 Rxa6 36. Rc1 c5 37. b3 f6 38. Nf3 Ra7 39. Rc2 Rc7 40. dxc5 bxc5 41. Rd1 Rd7 42. Nc1 Re4 43. Nd3 c4 44. Nxb4 axb4 45. bxc4 b3 46. Rc3 b2 47. cxd5 Rxd5 48. Rb1 Rxa4 49. Rxb2 Rd7 50. Rc8+ Kf7 51. Rcb8 Ng7 52. R8b7 Ra7 53. R7b5 Ra4 54. Kh3 Ra1 55. Rb7 Ra7 56. R7b4 Ra1 57. Rf4 Nh5 58. Rg4 Ng7 59. Rb6 Re7 60. Rc4 Raa7 61. Rcc6 Nh5 62. Rb2 Rab7 63. Rxb7 Rxb7 64. Nd4 Re7 65. Kg2 Ng7 66. Ra6 Ne8 67. Kh3 1/2-1/2

[Event "Oberliga Ost-B 0506"]
[Site "Germany"]
[Date "2006.01.29"]
[Round "7.4"]
[White "Walther, Cliff"]
[Black "Paehtz, Thomas Sr"]
[Result "0-1"]
[WhiteElo "2175"]
[BlackElo "2412"]
[PlyCount "70"]
[EventDate "2005.11.13"]
[EventType "team-tourn"]
[EventRounds "11"]
[EventCountry "GER"]
[SourceTitle "EXT 2007"]
[Source "ChessBase"]
[SourceDate "2006.11.23"]
[SourceVersion "1"]
[SourceVersionDate "2006.11.23"]
[SourceQuality "1"]
[WhiteTeam "Erfurt Medizin"]
[BlackTeam "Soemmerda"]
[WhiteTeamCountry "GER"]
[BlackTeamCountry "GER"]

1. c4 g6 2. Nc3 Bg7 3. d4 Nf6 4. e4 d6 5. Be2 0-0 6. Nf3 Na6 7. Bf4 Qe8 8. h3 e5 9. dxe5 Nh5 10. g3 dxe5 11. Be3 Nf6 12. a3 c6 13. Qd6 Qe6 14. 0-0-0 Qxd6 15. Rxd6 Ne8 16. Rd8 Bf6 17. Rd2 Ng7 18. b4 Ne6 19. Rhd1 Bg7 20. g4 Re8 21. Kc2 f6 22. Na4 Bf8 23. c5 Nac7 24. Nb2 b5 25. cxb6 axb6 26. Bxb6 Rxa3 27. Nc4 Ra2+ 28. Kb3 Rxd2 29. Rxd2 Nb5 30. Na5 Nd6 31. Bd3 Nf4 32. Bb1 Be6+ 33. Kc2 Nxe4 34. Rd1 Bd5 35. Nb3 Bxb4 0-1

[Event "Oberliga Ost-B 0506"]
[Site "Germany"]
[Date "2005.11.13"]
[Round "1"]
[White "Walther, Cliff"]
[Black "Krug, Norbert"]
[Result "1/2-1/2"]
[WhiteElo "2156"]
[BlackElo "2227"]
[PlyCount "62"]
[EventDate "2005.11.13"]
[EventType "team-tourn"]
[EventRounds "11"]
[EventCountry "GER"]
[SourceTitle "CBM 109 Extra"]
[Source "ChessBase"]
[SourceDate "2006.01.03"]
[SourceVersion "2"]
[SourceVersionDate "2006.01.03"]
[SourceQuality "1"]

1. c4 Nf6 2. Nc3 d5 3. cxd5 Nxd5 4. g3 g6 5. Bg2 Nxc3 6. bxc3 Bg7 7. Rb1 Nc6 8. Qa4 0-0 9. Nf3 Qe8 10. Ba3 Bd7 11. Qh4 b6 12. 0-0 h6 13. Nd4 Nxd4 14. cxd4 Bf5 15. Qxe7 Bxb1 16. Rxb1 c5 17. Qxe8 Raxe8 18. dxc5 Rxe2 19. cxb6 axb6 20. Bxf8 Kxf8 21. Rxb6 Bd4 22. Rb8+ Kg7 23. Bd5 Rxd2 24. Bc4 Rxf2 25. Kh1 g5 26. Rd8 Be3 27. Re8 Bb6 28. Rb8 Rf6 29. Rb7 g4 30. h3 gxh3 31. Kh2 Ba5 1/2-1/2

[Event "Monarch Assurance 14th"]
[Site "Port Erin"]
[Date "2005.09.29"]
[Round "6"]
[White "Hutchinson, Norman A"]
[Black "Walther, Cliff"]
[Result "1-0"]
[WhiteElo "2097"]
[BlackElo "2175"]
[PlyCount "79"]
[EventDate "2005.09.24"]
[EventType "swiss"]
[EventRounds "9"]
[EventCountry "IOM"]
[SourceTitle "CBM 108 Extra"]
[Source "ChessBase"]
[SourceDate "2005.11.04"]
[SourceVersion "1"]
[SourceVersionDate "2005.11.04"]
[SourceQuality "1"]

1. e4 c5 2. c3 Nf6 3. e5 Nd5 4. Nf3 Nc6 5. d4 cxd4 6. cxd4 e6 7. Bc4 Nb6 8. Bb5 d5 9. Nc3 Bd7 10. 0-0 Na5 11. Bd3 h6 12. Ne1 g6 13. Qg4 Qe7 14. b3 a6 15. Nc2 Rc8 16. Bd2 Nc6 17. Rfe1 h5 18. Qg3 Bh6 19. f4 Qf8 20. Ne2 Qg7 21. Rac1 0-0 22. Kh1 Rfe8 23. Qf2 Qh7 24. Rg1 Ne7 25. g4 hxg4 26. Rxg4 Bb5 27. Bxb5 axb5 28. Rh4 Rxc2 29. Rxc2 g5 30. fxg5 Qxc2 31. gxh6 Nf5 32. h7+ Kh8 33. Bg5 Nd7 34. Rh3 Rc8 35. Bf6+ Nxf6 36. exf6 Nxd4 37. Qg2 Nf5 38. Rc3 Qd1+ 39. Ng1 Rf8 40. Rf3 1-0

[Event "Dresden ZMD op"]
[Site "Dresden"]
[Date "2005.07.27"]
[Round "5"]
[White "Walther, Cliff"]
[Black "Kiessling, Andreas"]
[Result "1-0"]
[WhiteElo "2175"]
[BlackElo "2067"]
[PlyCount "83"]
[EventDate "2005.07.23"]
[EventType "swiss"]
[EventRounds "9"]
[EventCountry "GER"]
[SourceTitle "EXT 2006"]
[Source "ChessBase"]
[SourceDate "2005.11.24"]
[SourceVersion "1"]
[SourceVersionDate "2005.11.24"]
[SourceQuality "1"]

1. d4 Nf6 2. c4 g6 3. g3 Bg7 4. Bg2 0-0 5. Nf3 d6 6. 0-0 Nbd7 7. Qc2 c6 8. Rd1 Qc7 9. b3 Re8 10. Ba3 b6 11. Nc3 Bb7 12. Rac1 Rac8 13. Qd2 a6 14. d5 c5 15. h3 Rb8 16. Bb2 Bc8 17. a4 Nf8 18. e4 h6 19. Re1 N6h7 20. Rcd1 Bd7 21. Bf1 g5 22. Kh2 Ng6 23. Be2 Qc8 24. Ng1 Be5 25. Bh5 Nf4 26. gxf4 Bxf4+ 27. Qxf4 gxf4 28. e5 Bf5 29. Nf3 Bg6 30. Rg1 Nf8 31. e6 Kh7 32. Ne2 f6 33. Nxf4 Bxh5 34. Nxh5 Ng6 35. Rg3 Qd8 36. Nd2 Ne5 37. Rdg1 Rf8 38. f4 Qc7 39. Ne4 f5 40. fxe5 dxe5 41. Rg7+ Kh8 42. R1g6 1-0

[Event "Oberliga Ost-B 0405"]
[Site "Germany"]
[Date "2005.04.10"]
[Round "11.5"]
[White "Schmidt, Wolfgang3333"]
[Black "Walther, Cliff"]
[Result "1/2-1/2"]
[WhiteElo "2320"]
[BlackElo "2152"]
[PlyCount "131"]
[EventDate "2004.10.10"]
[EventType "team-tourn"]
[EventRounds "11"]
[EventCountry "GER"]
[SourceTitle "EXT 2006"]
[Source "ChessBase"]
[SourceDate "2005.11.24"]
[SourceVersion "1"]
[SourceVersionDate "2005.11.24"]
[SourceQuality "1"]
[WhiteTeam "Wiesbaden"]
[BlackTeam "Erfurt Medizin"]
[WhiteTeamCountry "GER"]
[BlackTeamCountry "GER"]

1. d4 d5 2. c4 c6 3. Nf3 Nf6 4. Nc3 e6 5. e3 Bd6 6. Be2 0-0 7. 0-0 Nbd7 8. b3 a6 9. a4 Qe7 10. Bb2 Re8 11. Qc2 dxc4 12. bxc4 e5 13. Rfd1 e4 14. Nd2 Nf8 15. Nf1 Bf5 16. Qb3 Rad8 17. Ba3 h5 18. Bxd6 Rxd6 19. Rdb1 Bc8 20. Qa3 Ng6 21. Ng3 Red8 22. Qc5 h4 23. Nf5 Bxf5 24. Qxf5 R6d7 25. Rb3 Rc8 26. a5 c5 27. d5 Qe5 28. Qxe5 Nxe5 29. Rab1 Rcc7 30. f4 exf3 31. gxf3 g5 32. Kf2 Kf8 33. Rg1 Nh7 34. f4 gxf4 35. exf4 Ng6 36. Kf3 Nf6 37. Bd3 Ne7 38. Bc2 Ne8 39. Na4 Ng8 40. Rg4 Ngf6 41. Rxh4 Nd6 42. Nb6 Re7 43. Rh8+ Kg7 44. Rd8 Nfe8 45. Rb1 f5 46. Rg1+ Kf6 47. Rg8 Rh7 48. Ba4 Rh3+ 49. Rg3 Rxg3+ 50. hxg3 Ke7 51. Rb8 Nf6 52. Bc2 Nfe8 53. g4 fxg4+ 54. Kxg4 Kf7 55. Kf3 Re7 56. Ba4 Nf6 57. Rd8 Nfe4 58. Kg2 Kf6 59. Nd7+ Kf5 60. Rf8+ Rf7 61. Rxf7+ Nxf7 62. Bc2 Kxf4 63. Bxe4 Kxe4 64. Nxc5+ Kd4 65. Nxb7 Kxc4 66. d6 1/2-1/2